000 00204 a2200097 4500
001 23624
100 _aHeyel, C
245 _aEncyclopedia of management
260 _a
_bReinhold
_c
090 _c16006
_d16006
942 _aNUST-CAE
_cM
_c6677
999 _c258697
_d258697